[Event "35th Open"]
[Site "Trinec CZE"]
[Date "2003.01.03"]
[Round "8"]
[White "Belunek,V"]
[Black "Lukashok,A"]
[Result "1/2-1/2"]
[WhiteElo "2416"]
[BlackElo "2384"]

1.d4 g6 2.c4 Bg7 3.Nf3 Nf6 4.Nc3 O-O 5.e4 d6 6.Be2 e5 7.O-O Nbd7 8.Be3 c6
9.Rb1 Qe7 10.d5 c5 11.Ne1 Ne8 12.Nd3 f5 13.f3 Rf7 14.b4 cxb4 15.Rxb4 Nc7
16.Rb2 Na6 17.Qc2 Bf6 18.a4 Bg5 19.Bf2 Qf8 20.a5 Bd8 21.Ra1 b6 22.axb6 Bxb6
23.Bxb6 axb6 24.Rab1 Qh6 25.Qd2 Qxd2 26.Rxd2 Nac5 27.Nxc5 bxc5 28.exf5 gxf5
29.Ra2 Rxa2 30.Nxa2 Kf8 31.Nc3 Ke7 32.Kf2 Rf8 33.Ke3 Nf6 34.Rb8 f4+ 35.Kd2 Rg8
36.Bf1 Bf5 37.Rxg8 Nxg8 38.Bd3 Nh6 39.g4 fxg3 40.hxg3 Kf6 41.g4  1/2-1/2

[Event "Troll Masters"]
[Site "Gausdal NOR"]
[Date "2003.01.07"]
[Round "1"]
[White "Johansen,KR"]
[Black "Nordahl,H"]
[Result "0-1"]
[WhiteElo "2084"]
[BlackElo "2303"]

1.c4 g6 2.Nc3 Bg7 3.d4 Nf6 4.e4 d6 5.Nf3 O-O 6.Be2 e5 7.Bg5 h6 8.Bh4 Qe8
9.dxe5 dxe5 10.O-O Bg4 11.Ne1 Bxe2 12.Qxe2 Nc6 13.f3 Nd4 14.Qe3 c6 15.Bxf6 Bxf6
16.Qxh6 Qe6 17.b3 Bd8 18.Rc1 Bb6 19.Kh1 Rad8 20.Nc2 Nxc2 21.Rxc2 Rd3 22.Nd1 Rfd8
23.Nf2 Be3 24.Qh4 Rd2 25.Rxd2 Rxd2 26.Ng4 Bd4 27.Nh6+ Kf8 28.Qd8+ Qe8 29.Qa5 Re2
30.h3 Qe7 31.Ng4 Kg7 32.Re1 b6  0-1

[Event "Troll Masters"]
[Site "Gausdal NOR"]
[Date "2003.01.08"]
[Round "2"]
[White "Hole,O"]
[Black "Kovalevskaya,E"]
[Result "0-1"]
[WhiteElo "2252"]
[BlackElo "2452"]

1.Nf3 Nf6 2.c4 g6 3.Nc3 Bg7 4.e4 d6 5.d4 O-O 6.Be2 Nbd7 7.O-O e5 8.Be3 c6
9.d5 c5 10.Ne1 a6 11.Kh1 Kh8 12.Qd2 Ng8 13.g4 f5 14.exf5 gxf5 15.gxf5 Ndf6
16.Bd3 b5 17.cxb5 axb5 18.Bg5 b4 19.Ne2 Bb7 20.Ng3 Bxd5+ 21.f3 Qc7 22.Ng2 Qb7
23.Be4 Bxe4 24.fxe4 Nxe4 25.Nxe4 Qxe4 26.Qxd6 Rxf5 27.Rxf5 Qxf5 28.Qd5 Rf8
29.Be3 Nf6 30.Qxc5 Ne4 31.Qb5 Nf2+ 32.Kg1 Qf3 33.a3 Ng4 34.Rf1 Qxg2+ 35.Kxg2 Nxe3+
36.Kh3 Nxf1 37.Qxb4 h6 38.Qe1 Rf4 39.b4 e4 40.Kg2 Bd4 41.Qxf1 Rxf1 42.Kxf1 Kg7
43.a4 Kf6 44.Ke2 Ke5 45.b5 Bb6 46.h3 Kf4 47.h4 h5  0-1

[Event "Odessa Region Open"]
[Site "Odessa UKR"]
[Date "2003.01.10"]
[Round "2"]
[White "Butsenko,I"]
[Black "Aliferenko,A"]
[Result "1/2-1/2"]
[WhiteElo "2239"]
[BlackElo "2170"]

1.Nf3 Nf6 2.c4 g6 3.Nc3 Bg7 4.d4 O-O 5.e4 d6 6.Be2 e5 7.d5 a5 8.Bg5 Na6 9.Nd2 h6
10.Bxf6 Qxf6 11.Bg4 Qg5 12.h3 h5 13.Nf3 Bxg4 14.Nxg5 Bxd1 15.Rxd1 Bh6 16.h4 Kg7
17.Ke2 Bxg5 18.hxg5 Nc5 19.Ke3 f6 20.gxf6+ Rxf6 21.Nb5 Rf7 22.Rd2 Rh8 23.f3 Na6
24.b3 Nc5 25.Nc3 Ra8 26.Ne2 Na6 27.a3 Nc5 28.Rb2 Kf6 29.Nc3 Ke7 30.Rhb1 b6
31.Nb5 Kd7 32.b4 Nb7 33.Nc3  1/2-1/2

[Event "LXIX ch-BRA"]
[Site "Brasilia BRA"]
[Date "2003.01.11"]
[Round "3"]
[White "Matsuura,F"]
[Black "Bouwman,M"]
[Result "1-0"]
[WhiteElo "2255"]
[BlackElo "2245"]

1.d4 Nf6 2.Nf3 g6 3.c4 Bg7 4.Nc3 d6 5.e4 O-O 6.Be2 e5 7.d5 a5 8.Bg5 Na6 9.Nd2 Qe8
10.a3 Nd7 11.O-O f6 12.Be3 Rf7 13.b4 f5 14.f3 f4 15.Bf2 g5 16.Nb3 axb4 17.axb4 Rb8
18.c5 Nf6 19.Na5 Bf8 20.Bb5 c6 21.dxc6 bxc6 22.Bxc6 Qe6 23.Bb5 Rxb5 24.Nxb5 dxc5
25.bxc5 Nxc5 26.Qc2 Ba6 27.Bxc5 Bxb5 28.Rfb1 Bd3 29.Qxd3 Bxc5+ 30.Kf1 Bd4
31.Rb8+ Kg7 32.Rd1 Nd7 33.Rb7 Qa2 34.Qd2 Qe6 35.Qe2 g4 36.Qc4 Qxc4+ 37.Nxc4 gxf3
38.gxf3 Kf6 39.Nd6 Re7 40.Nf5 Rf7 41.Nxd4 exd4 42.Rxd4 Ke6 43.Rdxd7 Rxd7
44.Rxd7 Kxd7 45.Kg2  1-0

[Event "TCh-FIN 2002-3"]
[Site "Finland FIN"]
[Date "2003.01.11"]
[Round "6"]
[White "Eriksson,Jon FIN"]
[Black "Fieandt,J"]
[Result "1/2-1/2"]
[WhiteElo "2143"]
[BlackElo "2181"]

1.Nf3 Nf6 2.c4 g6 3.Nc3 Bg7 4.e4 d6 5.d4 O-O 6.Be2 e5 7.O-O exd4 8.Nxd4 Re8
9.f3 Nc6 10.Be3 Nh5 11.Qd2 f5 12.Rfe1 Nxd4 13.Bxd4 Nf4 14.Bf1 Bxd4+ 15.Qxd4 Ne6  1/2-1/2

[Event "LXIX ch-BRA"]
[Site "Brasilia BRA"]
[Date "2003.01.12"]
[Round "4"]
[White "Teixeira,R"]
[Black "Prates,F"]
[Result "1-0"]
[WhiteElo "2294"]
[BlackElo "2247"]

1.Nf3 Nf6 2.c4 g6 3.Nc3 Bg7 4.e4 d6 5.d4 O-O 6.Be2 e5 7.dxe5 dxe5 8.Qxd8 Rxd8
9.Bg5 Re8 10.Nd5 Nxd5 11.cxd5 c6 12.Bc4 b5 13.Bb3 Bb7 14.O-O-O c5 15.d6 Nd7
16.Bd5 Bxd5 17.Rxd5 Rac8 18.Kb1 a6 19.Rc1 Rc6 20.Be7 f6 21.Nd2 Bh6 22.Rc2 Bxd2
23.Rcxd2 Kf7 24.g3 c4 25.f4 Rc5 26.Rxc5 Nxc5 27.Rd5 Nd7 28.Kc2 Rc8 29.fxe5 fxe5
30.Kc3 Rc5 31.Kb4 Rxd5 32.exd5 e4 33.Bg5 Ke8 34.a4 bxa4 35.Bf4 Nb6 36.Kc5 c3
37.Kxb6 cxb2 38.Kc7 b1=Q 39.d7+ Kf7 40.d8=Q Qb5 41.d6 Qa5+ 42.Kc8 Qxd8+ 43.Kxd8 a3
44.d7 a2 45.Be5 Ke6 46.Bc3 e3 47.Kc8  1-0

[Event "LXIX ch-BRA"]
[Site "Brasilia BRA"]
[Date "2003.01.14"]
[Round "8"]
[White "Valle,A"]
[Black "Di Berardino,D"]
[Result "0-1"]
[WhiteElo "2247"]
[BlackElo "2282"]

1.d4 Nf6 2.Nf3 g6 3.c4 Bg7 4.Nc3 O-O 5.e4 d6 6.Be2 e5 7.d5 a5 8.Bg5 h6 9.Bh4 Na6
10.Nd2 Qe8 11.O-O Bd7 12.Bxf6 Bxf6 13.Bg4 h5 14.Bxd7 Qxd7 15.Nb3 a4 16.Nc1 Nc5
17.Nd3 Nxd3 18.Qxd3 Bg5 19.b3 axb3 20.axb3 Kg7 21.Rfd1 f5 22.exf5 gxf5 23.Qh3 Qf7
24.Ne2 Kg6 25.Ng3 h4 26.Ne2 Qf6 27.Qc3 e4 28.Qxf6+ Bxf6 29.Nf4+ Kf7 30.Rab1 Rg8
31.Ne6 Ra2 32.Re1 c5 33.Nf4 Rga8 34.g3 Be5 35.Ne2 Rd2 36.Kf1 Raa2 37.b4 b6
38.bxc5 bxc5 39.Rb7+ Kf6 40.gxh4 f4 41.f3 exf3 42.Nxf4 Rxh2 43.Nh5+ Kg6 44.Nf4+ Kh6  0-1

[Event "LXIX ch-BRA"]
[Site "Brasilia BRA"]
[Date "2003.01.15"]
[Round "9"]
[White "Valle,A"]
[Black "Araujo,A"]
[Result "1-0"]
[WhiteElo "2247"]
[BlackElo "2275"]

1.d4 Nf6 2.Nf3 g6 3.c4 Bg7 4.Nc3 O-O 5.e4 d6 6.Be2 e5 7.O-O exd4 8.Nxd4 Re8
9.f3 c6 10.Nc2 Na6 11.Kh1 Be6 12.Bg5 h6 13.Bh4 g5 14.Bf2 d5 15.exd5 cxd5
16.c5 Nb8 17.Nb5 Nc6 18.Nd6 Re7 19.Bb5 Qd7 20.Nd4 Ne8 21.Rc1 a6 22.Ba4 Rb8
23.Re1 Nxd6 24.cxd6 Qxd6 25.Bxc6 bxc6 26.Bg3  1-0

[Event "ch-IND"]
[Site "Mumbai IND"]
[Date "2003.01.18"]
[Round "2"]
[White "Sundararajan,K"]
[Black "Thipsay,P"]
[Result "1/2-1/2"]
[WhiteElo "2416"]
[BlackElo "2465"]

1.Nf3 g6 2.c4 Bg7 3.d4 Nf6 4.Nc3 O-O 5.e4 d6 6.Be2 Na6 7.O-O e5 8.Be3 Ng4
9.Bg5 Qe8 10.dxe5 dxe5 11.h3 f6 12.Bd2 Nh6 13.c5 c6 14.Be3 Nf7 15.a3 Nc7
16.b4 Ne6 17.Qc2 f5 18.exf5 gxf5 19.Qxf5 e4 20.Qxe4 Bxc3 21.Bd3 Neg5 22.Nxg5 Qxe4
23.Nxe4 Bxa1 24.Rxa1 Ne5 25.Be2 Be6 26.Bd4 Nd7 27.Ng5 Bd5 28.Bd3 Nf6 29.Bxf6 Rxf6
30.Bxh7+ Kh8 31.Re1 a5 32.Be4 axb4 33.axb4 Ra2 34.Bxd5 cxd5 35.Nf3 Rb2 36.Rd1  1/2-1/2

[Event "TSGM Jan"]
[Site "Novi Sad YUG"]
[Date "2003.01.20"]
[Round "3"]
[White "Laketic,G"]
[Black "Sedlak,N"]
[Result "0-1"]
[WhiteElo "2426"]
[BlackElo "2506"]

1.d4 Nf6 2.c4 g6 3.Nc3 Bg7 4.e4 d6 5.Nf3 O-O 6.Be2 e5 7.d5 a5 8.Bg5 h6 9.Bh4 Na6
10.Nd2 Qe8 11.a3 Bd7 12.b3 Nh7 13.Rb1 h5 14.f3 Bh6 15.Bf2 Qe7 16.h4 c5 17.Nb5 f5
18.Rb2 Nf6 19.Bd3 Rf7 20.Qb1 Bxd2+ 21.Rxd2 fxe4 22.Bxe4 Nxe4 23.Qxe4 Kg7
24.O-O Raf8 25.Bg3 Bxb5 26.cxb5 Nc7 27.b6 Nb5 28.f4 Qd7 29.Rdf2 Qg4 30.Qe3 e4
31.f5 Rxf5 32.a4 Nd4 33.Bxd6 R8f6 34.Rxf5 Nxf5 35.Qc3 Nd4 36.Be5 Ne2+  0-1

[Event "Kaissa Open"]
[Site "Kharkov UKR"]
[Date "2003.01.22"]
[Round "2"]
[White "Varchenko,G"]
[Black "Stets,D"]
[Result "0-1"]
[WhiteElo "2205"]
[BlackElo "2391"]

1.d4 Nf6 2.c4 g6 3.Nc3 Bg7 4.Nf3 O-O 5.e4 d6 6.Be2 e5 7.dxe5 dxe5 8.Qxd8 Rxd8
9.Bg5 c6 10.h3 Na6 11.O-O Nc5 12.b4 Ne6 13.Rfd1 Rxd1+ 14.Rxd1 Nxg5 15.Rd8+ Bf8
16.Nxg5 Kg7 17.c5 Be7 18.Rd2 h6 19.Nf3 a5 20.a3 axb4 21.axb4 Ra3 22.Rc2 Rb3
23.Nxe5 Rxb4 24.Bc4 Bxc5 25.Bxf7 Bd6 26.f4 Nxe4 27.Nxe4 Rxe4 28.Bd5 Rxf4
29.Nxc6 Bf5 30.Nd8 Bxc2 31.Ne6+ Kf6 32.Nxf4 Bxf4  0-1

[Event "Inv. Tens"]
[Site "Wijk aan Zee NED"]
[Date "2003.01.25"]
[Round "8"]
[White "Peek,Mar"]
[Black "Cherniaev,A1"]
[Result "1/2-1/2"]
[WhiteElo "2417"]
[BlackElo "2504"]

1.d4 Nf6 2.Nf3 g6 3.c4 Bg7 4.Nc3 O-O 5.e4 d6 6.Be2 e5 7.O-O Na6 8.Re1 c6
9.Bf1 Bg4 10.d5 Nb4 11.Be2 a5 12.Be3 c5 13.Rf1 Bd7 14.Ne1 Ne8 15.a3 Na6 16.Nd3 f5
17.exf5 gxf5 18.f4 e4 19.Nf2 Nac7 20.Kh1 a4 21.Rg1 Kh8 22.g4 fxg4 23.Bxg4 b5
24.cxb5 Nxb5 25.Nxb5 Bxb5 26.Be6 Nf6 27.f5 Be8 28.Rxg7 Kxg7 29.Qg1+ Kh8 30.Bh6 Qe7
31.Qg2 Bh5 32.Nxe4 Nxe4 33.Rg1 Rf7 34.Qxe4 Qf6 35.Bd2 Qxb2 36.Qe3 Qxd2 37.Qxd2 Bf3+
38.Rg2 Rg7 39.Qc3 Bxg2+ 40.Kg1 Bxd5+ 41.Kf2 Bxe6 42.fxe6 Re8 43.Qf6 Kg8 44.Ke3 Rf8
45.e7 Re8 46.Qxd6 Rexe7+ 47.Kf3 Rgf7+ 48.Kg4 Re4+ 49.Kg5 Rfe7 50.Kf5 Re2
51.Qxc5 Rf7+ 52.Kg4 Rg2+ 53.Kh3 Rg6 54.Qc8+ Kg7 55.Qc3+ Rgf6 56.Qg3+ Kh8
57.Qb8+ Rf8 58.Qe5 h6 59.Kg3 Kg8 60.Qd5+ Kh7 61.Qe4+ Kg7 62.Qe5 Rg8 63.Kh3 Kf7
64.Qc7+ Kg6 65.Qg3+ Kh7 66.Qd3+ Rgg6 67.Qd7+ Rg7 68.Qd3+ Rfg6 69.Qf5 Re7
70.Qf8 Rc7 71.Qf5 Re7 72.Qf8 Re5 73.Kh4 Rg7 74.Qf6 Reg5 75.h3 Rd7 76.Qxh6+  1/2-1/2

[Event "TCh-AUT 2002-3"]
[Site "Jenbach AUT"]
[Date "2003.01.26"]
[Round "8"]
[White "Hoelzl,F"]
[Black "Naumann,A"]
[Result "0-1"]
[WhiteElo "2360"]
[BlackElo "2524"]

1.Nf3 Nf6 2.c4 g6 3.Nc3 Bg7 4.e4 d6 5.d4 O-O 6.Be2 e5 7.O-O Na6 8.Re1 c6
9.Bf1 exd4 10.Nxd4 Ng4 11.h3 Qb6 12.hxg4 Qxd4 13.g5 Qxd1 14.Rxd1 Be5 15.Be3 Nc5
16.f3 Be6 17.Rac1 a5 18.Rc2 a4 19.Kf2 f6 20.gxf6 Rxf6 21.Bd4 g5 22.Rcd2 Raf8
23.Be2 g4 24.Bxe5 dxe5 25.Ke3 gxf3 26.gxf3 Rh6 27.Rd8 Rf6 28.Rg1+ Rg6 29.Rxf8+ Kxf8
30.Rh1 Bg8 31.Rh5 Re6 32.Kd2 b6 33.Nd1 h6 34.Ne3 Bf7 35.Rh1 h5 36.Kc3 Bg6
37.Ng2 Rf6 38.Kb4 Rd6 39.Nh4 Bh7 40.Rd1 Rd4 41.Ng2 Ke7 42.Kc3 Rxd1 43.Bxd1 Kf6
44.Kd2 Kg5 45.Ke3 h4 46.f4+ exf4+ 47.Nxf4 Bxe4 48.b4 axb3 49.axb3 Kf5 50.b4 Na6
51.Bh5 Ke5 52.Bf3 Bxf3 53.Nd3+ Kf5 54.Kxf3 Nc7 55.Nf2 Ne6 56.Ke3 Ng5 57.b5 c5
58.Nd1 Nf7  0-1

[Event "II It"]
[Site "Sao Jose de Rio Preto BRA"]
[Date "2003.01.27"]
[Round "5"]
[White "Molina,Jo"]
[Black "Marques,V"]
[Result "1/2-1/2"]
[WhiteElo "2265"]
[BlackElo "2319"]

1.Nf3 d6 2.d4 Nf6 3.c4 g6 4.Nc3 Bg7 5.e4 O-O 6.Be2 Nbd7 7.O-O e5 8.Qc2 c6
9.Rd1 Qe7 10.d5 c5 11.Rb1 Nh5 12.g3 Ndf6 13.b4 cxb4 14.Rxb4 Ne8 15.Ne1 f5
16.f3 b6 17.Ng2 Nef6 18.Rf1 Bd7 19.Bd3 fxe4 20.Nxe4 Nxe4 21.Bxe4 Nf6 22.Bg5 Qe8
23.Rbb1 Rc8 24.Qe2 Rc5 25.Bd3 Qc8 26.Bd2 Qb8 27.Bb4 Rcc8 28.Bd2 Rce8 29.Be4 Qc7
30.Be3 Rc8 31.Rbc1 Rf7 32.Rf2 Rcf8 33.Rcf1 Bc8 34.Rc1 Ba6 35.Qd3 Nd7 36.Qa3 Bc8
37.Ne1 Nc5 38.Nd3 Nxe4 39.fxe4 Rxf2 40.Nxf2 Qd7 41.Rf1 Rf3 42.Qc1 Qf7 43.Qe1 h5
44.Bg5 h4 45.gxh4 Qd7 46.Qe2 Rc3 47.h5 gxh5  1/2-1/2

[Event "GMA"]
[Site "Bermuda BER"]
[Date "2003.01.28"]
[Round "4"]
[White "Shabalov,A"]
[Black "Volokitin,And"]
[Result "1-0"]
[WhiteElo "2613"]
[BlackElo "2565"]

1.d4 Nf6 2.c4 g6 3.Nc3 Bg7 4.e4 d6 5.Nf3 O-O 6.Be2 e5 7.O-O Na6 8.Be3 Ng4
9.Bg5 Qe8 10.dxe5 dxe5 11.h3 f6 12.Bd2 Nh6 13.c5 c6 14.Bxa6 bxa6 15.Qa4 Nf7
16.Rad1 Kh8 17.Rfe1 Rg8 18.Be3 Rb8 19.b3 Rb7 20.Nd2 f5 21.f4 g5 22.exf5 gxf4
23.Bxf4 Bxf5 24.Be3 Qe6 25.Qh4 Bf6 26.Qc4 Qc8 27.Nde4 Be6 28.Qf1 Bh4 29.Bf2 Bxf2+
30.Qxf2 Bxh3 31.Qf6+ Rg7 32.Ng5 h6 33.Nxh3 Qg4 34.Re2 Rb5 35.Rd3 Rxc5 36.Qf2 Qb4
37.Re4 Qa3 38.Kh2 Ra5 39.Rd7 Qf8 40.Qf6 Rc5 41.Rg4 Rxc3 42.Rd8  1-0

[Event "II It"]
[Site "Sao Jose de Rio Preto BRA"]
[Date "2003.01.28"]
[Round "7"]
[White "De Souza,M"]
[Black "Marques,V"]
[Result "1/2-1/2"]
[WhiteElo "2349"]
[BlackElo "2319"]

1.d4 Nf6 2.c4 d6 3.Nc3 Nbd7 4.Nf3 g6 5.e4 e5 6.Be2 Bg7 7.O-O O-O 8.Re1 c6
9.Rb1 a5 10.Bf1 exd4 11.Nxd4 Re8 12.f3 Nc5 13.Be3 a4 14.Qd2 Nfd7 15.Red1 Qe7
16.Nc2 Be5 17.Re1 Qf8 18.Rbd1 Ne6 19.Nd4 Nxd4 20.Bxd4 Nc5 21.f4 Bxd4+ 22.Qxd4 a3
23.b3 Bg4 24.Rd2 Rad8 25.h3 Bc8 26.Qf6 Qg7 27.Qxg7+ Kxg7 28.Kf2 f5 29.exf5 Rxe1
30.Kxe1 Bxf5 31.Kf2 h5 32.g3  1/2-1/2

[Event "3rd GM"]
[Site "Griesheim GER"]
[Date "2003.01.30"]
[Round "2"]
[White "Jakubiec,A"]
[Black "Prusikhin,M"]
[Result "0-1"]
[WhiteElo "2532"]
[BlackElo "2509"]

1.d4 Nf6 2.Nf3 g6 3.c4 Bg7 4.Nc3 O-O 5.e4 d6 6.Be2 e5 7.Be3 h6 8.O-O Ng4
9.Bc1 Nc6 10.d5 Ne7 11.Ne1 f5 12.Bxg4 fxg4 13.Be3 g5 14.c5 Ng6 15.Rc1 Rf7
16.a4 Bf8 17.Nd3 Nf4 18.b4 h5 19.Qd2 h4 20.c6 bxc6 21.dxc6 Qf6 22.f3 Qg6
23.Bxf4 gxf4 24.Kh1 Bh6 25.h3 gxh3 26.gxh3 Qh5 27.Rg1+ Kh8 28.Rg4 Bxg4 29.hxg4 Qg5
30.b5 h3 31.Qf2 Qg7 32.Nd5 Bg5 33.a5 Bd8 34.N3b4 Qh7 35.Na6 Rg7 36.b6 axb6
37.axb6 cxb6 38.c7 Bxc7 39.Naxc7 Rc8 40.Qxb6 Qh4 41.Rg1 h2 42.Rf1 Qh3 43.Rf2 Qg3
44.Rf1 Qh3 45.Qb5 Kh7 46.Nxf4 exf4 47.Ne6 Rb8 48.Qe2 Rb2 49.Qxb2 Qxf1+ 50.Kxh2 Re7
51.Qb3 Qf2+ 52.Kh1 Ra7 53.Ng5+ Kh6 54.Nf7+ Kg7  0-1

[Event "ch-IND"]
[Site "Mumbai IND"]
[Date "2003.01.30"]
[Round "19"]
[White "Suvrajit,S"]
[Black "Thipsay,P"]
[Result "0-1"]
[WhiteElo "2390"]
[BlackElo "2465"]

1.d4 Nf6 2.c4 g6 3.Nc3 Bg7 4.e4 d6 5.Nf3 O-O 6.Be2 e5 7.O-O Na6 8.Be3 Ng4
9.Bg5 Qe8 10.dxe5 dxe5 11.h3 h6 12.Bd2 Nf6 13.Be3 Qe7 14.Nd5 Qd8 15.Nxf6+ Qxf6
16.c5 Nb8 17.Qc1 Kh7 18.Rd1 Nc6 19.a3 Qe7 20.b4 a6 21.Bc4 f5 22.exf5 gxf5
23.Rb1 Be6 24.Bxe6 Qxe6 25.Re1 Qg6 26.Qc4 e4 27.Nh4 Qh5 28.g3 Bf6 29.Rbd1 Bxh4
30.gxh4 Ne5 31.Qe2 Qxh4 32.Kh2 Rg8 33.Rg1 Rxg1 34.Rxg1 Nf3+  0-1

[Event "National I"]
[Site "Montpellier FRA"]
[Date "2003.01.31"]
[Round "1"]
[White "Touzane,O"]
[Black "Kazhgaleyev,M"]
[Result "0-1"]
[WhiteElo "2333"]
[BlackElo "2604"]

1.d4 Nf6 2.c4 g6 3.Nc3 Bg7 4.e4 d6 5.Nf3 O-O 6.Be2 e5 7.dxe5 dxe5 8.Qxd8 Rxd8
9.Nd5 Nxd5 10.cxd5 c6 11.Bc4 b5 12.Bb3 Bb7 13.Bg5 Rc8 14.Rc1 Nd7 15.dxc6 Bxc6
16.Be3 h6 17.Nd2 a5 18.Ke2 a4 19.Rxc6 Rxc6 20.Bd5 Rac8 21.Bxc6 Rxc6 22.Kd3 f5
23.f3 Bf8 24.Nb1 fxe4+ 25.fxe4 Nc5+ 26.Bxc5 Bxc5 27.Nc3 Bd4 28.Nd5 Kg7 29.b3 axb3
30.axb3 h5 31.h4 Bf2 32.Nc3 Rb6 33.Nd5 Ra6 34.Nc3 Ra3 35.Rb1 Bxh4 36.Nxb5 Ra2
37.Nc3 Rxg2 38.b4 Be7 39.b5 h4 40.b6 Bd6 41.Rh1 Rb2 42.Rxh4 Rxb6 43.Nd5 Rb3+
44.Ke2 g5 45.Rh1 Bc5 46.Rc1 Bd4 47.Rc2 Kg6 48.Kf1 g4 49.Kg2 Kg5 50.Rc8 Rb2+
51.Kg3 Bf2+ 52.Kg2 Be3+ 53.Kh1 Bd4 54.Rg8+ Kh4 55.Ne7 Kh3 56.Rh8+ Kg3 57.Nf5+ Kf4
58.Rf8 Kxe4 59.Ng3+ Ke3 60.Nf5+ Kd3 61.Rg8 Ke4 62.Rf8 Bf2 63.Nd6+ Kd3 64.Rg8 g3
65.Rg4 Re2 66.Nf5 e4 67.Kg2 Re1 68.Nxg3 Bxg3 69.Rxg3+ e3 70.Rg8 Ra1 71.Rd8+ Ke2
72.Rb8 Kd2 73.Rd8+ Ke1 74.Rh8 Ra7 75.Rb8 e2 76.Rb1+ Kd2 77.Rb2+ Kd1 78.Rb1+ Kc2
79.Rh1 Kd2  0-1

[Event "National I"]
[Site "Sautron FRA"]
[Date "2003.01.31"]
[Round "1"]
[White "Ignat,D"]
[Black "Relange,E"]
[Result "0-1"]
[WhiteElo "2109"]
[BlackElo "2499"]

1.d4 Nf6 2.c4 g6 3.Nc3 Bg7 4.e4 d6 5.Nf3 O-O 6.Be2 e5 7.d5 a5 8.Bg5 h6 9.Bh4 Na6
10.Nd2 Qe8 11.O-O Nh7 12.f3 Bd7 13.Bf2 f5 14.a3 b6 15.b3 f4 16.Rb1 g5 17.b4 axb4
18.axb4 h5 19.c5 bxc5 20.Bxa6 Rxa6 21.bxc5 g4 22.c6 Bc8 23.Nb5 Rf7 24.Nc4 Bf8
25.Bh4 Rg7 26.Kh1 Qg6 27.Rb2 Ng5 28.Bxg5 Qxg5 29.Qe1 Ra4 30.Nca3 Kh7 31.Nb1 Ra1
32.N5c3 Be7 33.fxg4 hxg4 34.g3 Ba6 35.Rff2 Bc4 36.Rb4 Bd3 37.Ra4 Rxa4 38.Nxa4 Qh6
39.Kg1 Bg5 40.Nb2 Bxb1 41.Qxb1 fxg3  0-1

[Event "FSIMA Feb"]
[Site "Budapest HUN"]
[Date "2003.02.03"]
[Round "3"]
[White "Alfred,N"]
[Black "Hardicsay,P"]
[Result "1/2-1/2"]
[WhiteElo "2250"]
[BlackElo "2309"]

1.d4 Nf6 2.c4 g6 3.Nc3 Bg7 4.e4 d6 5.Be2 O-O 6.Nf3 e5 7.O-O Na6 8.Be3 Ng4
9.Bg5 Qe8 10.h3 f6 11.Bd2 Nh6 12.dxe5 dxe5 13.Be3 c6 14.Qc1 Nf7 15.b4 Qe7
16.b5 Nc7 17.a4 f5 18.a5 Ne6 19.a6 Nd4 20.Rd1 Rd8 21.Ra2 f4 22.Bxd4 exd4
23.axb7 Bxb7 24.bxc6 dxc3 25.cxb7 Qxb7 26.Rd5 Rab8 27.Bd3 Ne5  1/2-1/2

[Event "3rd IM"]
[Site "Griesheim GER"]
[Date "2003.02.03"]
[Round "6"]
[White "Solonar,S"]
[Black "Wornath,K"]
[Result "1/2-1/2"]
[WhiteElo "2380"]
[BlackElo "2398"]

1.c4 Nf6 2.Nc3 g6 3.e4 d6 4.d4 Bg7 5.Nf3 O-O 6.Be2 e5 7.O-O exd4 8.Nxd4 Re8
9.f3 c6 10.Kh1 d5 11.exd5 cxd5 12.Bg5 h6 13.Bh4 g5 14.Bf2 Nc6 15.Re1 Nxd4
16.Bxd4 dxc4 17.Bxc4 Be6 18.Bb5 Re7 19.Bc5 Qxd1 20.Rexd1 Rc7 21.Bd6  1/2-1/2

[Event "GMA"]
[Site "Bermuda BER"]
[Date "2003.02.04"]
[Round "10"]
[White "Gershon,A"]
[Black "Al Modiahki,M"]
[Result "1/2-1/2"]
[WhiteElo "2571"]
[BlackElo "2571"]

1.Nf3 Nf6 2.c4 g6 3.Nc3 Bg7 4.e4 d6 5.d4 O-O 6.Be2 e5 7.Be3 Nbd7 8.d5 Ng4
9.Bg5 f6 10.Bh4 Nh6 11.Nd2 Nf7 12.b4 a5 13.bxa5 Rxa5 14.Nb3 Ra8 15.f3 Bh6
16.O-O Be3+ 17.Kh1 Nc5 18.a4 Bd7 19.a5 c6 20.Nxc5 Bxc5 21.Qb3 Ra7 22.Rfb1 Qe7
23.Ra2 Bd4 24.Bd3 Kg7 25.Be1 f5 26.exf5 gxf5 27.Ne2 Bc5 28.f4 Nh6 29.h3 Kg8
30.Bc2 Rf7 31.Bb4 Bxb4 32.Qxb4 Rf8 33.Ra3 c5 34.Qb2 Qf6 35.Rb3 Bc8 36.Rg3+ Kh8
37.Qb6 Ra6 38.Qc7 Nf7 39.fxe5 Qxe5 40.Bd3 Qf6 41.Nf4 Qh4 42.Rg6 Qd8 43.Qxd8 Rxd8
44.Rf6 Ne5 45.Bxf5 Bxf5 46.Rxf5 Rxa5 47.Nh5 Ra7 48.Rf4 Rg8 49.Rb3 Ra2 50.Rg3 Rxg3
51.Nxg3 Rc2 52.Nh5 h6 53.Rf6  1/2-1/2

[Event "1st It"]
[Site "Ilha Solteira-SP BRA"]
[Date "2003.02.04"]
[Round "1"]
[White "Asfora,M"]
[Black "Marques,V"]
[Result "1/2-1/2"]
[WhiteElo "2249"]
[BlackElo "2319"]

1.Nf3 d6 2.d4 Nf6 3.c4 g6 4.Nc3 Bg7 5.e4 O-O 6.Be2 Na6 7.O-O e5 8.d5 Nc5
9.Qc2 a5 10.Ne1 b6 11.Bg5 h6 12.Be3 Ng4 13.Bxg4 Bxg4 14.Nd3 Bd7 15.Rae1 Nxd3
16.Qxd3 f5 17.exf5 Bxf5 18.Qd2 g5 19.f3 Kh7 20.h3 Qe8 21.Ne4 Qg6 22.Bf2 Rf7
23.b3 Rg8 24.a3 Bf8 25.g4 Bd7 26.Be3 Be7 27.Rf2 Rgf8 28.Ref1 Rg8  1/2-1/2

[Event "Tch-SWE 2002-3"]
[Site "Sweden SWE"]
[Date "2003.02.08"]
[Round "7"]
[White "Landgren,P"]
[Black "Meurman,A"]
[Result "1/2-1/2"]
[WhiteElo "2222"]
[BlackElo "2132"]

1.d4 Nf6 2.c4 g6 3.Nc3 Bg7 4.e4 d6 5.Nf3 O-O 6.Be2 Nbd7 7.O-O e5 8.Re1 c6
9.Bf1 Qe7 10.d5 c5 11.Rb1 Kh8 12.a3 Ng8 13.b4 b6 14.Qa4 f5 15.Qc6 Ba6 16.Qa4 Bc8
17.Ng5 Ndf6 18.bxc5 bxc5 19.exf5 Bxf5 20.Nge4 Nxe4 21.Nxe4 Nf6 22.Bg5 Qc7
23.Bxf6 Bxf6 24.Bd3 Bg7 25.Rb3 Rab8 26.Reb1 Bh6 27.Qa6 Rxb3 28.Rxb3 Rb8 29.Rb5 Bxe4
30.Bxe4 Rb6 31.Qa5 Bg5 32.Rxb6 Qxb6 33.Qxb6 axb6 34.Kf1  1/2-1/2

[Event "TCh-BEL 2002-3"]
[Site "Belgium BEL"]
[Date "2003.02.09"]
[Round "8"]
[White "Verduyn,F"]
[Black "Bauduin,E"]
[Result "1/2-1/2"]
[WhiteElo "2174"]
[BlackElo "2281"]

1.Nf3 Nf6 2.c4 g6 3.Nc3 Bg7 4.e4 d6 5.d4 O-O 6.Be2 e5 7.O-O Na6 8.Be3 Ng4
9.Bg5 Qe8 10.h3 h6 11.Bc1 Nf6 12.dxe5 dxe5 13.Be3 Qe7 14.Nd5 Qd6 15.Qc2 c6
16.Nxf6+ Qxf6 17.c5 Nc7 18.Rad1 Rd8 19.Rxd8+ Qxd8 20.Rd1 Qe8 21.Qd2 Kh7 22.Qd6 Nb5
23.Bxb5 cxb5 24.Qc7 Qc6 25.Qxc6 bxc6 26.Rd8 f6 27.b4 Bb7 28.Rd7 Bc8 29.Rc7 Be6
30.Rxc6 Bxa2 31.Ra6 Bc4 32.Nd2 f5 33.c6 Be6 34.c7 Bc8 35.Rd6 Bf8 36.Rd5 Bxb4
37.Rxe5 Bd6 38.Re8 Kg7 39.Nb3 Kf7 40.Rh8 Be5 41.Rh7+ Kg8 42.Re7 Bd6 43.Re8+ Kf7
44.Rh8 Be5 45.Rh7+  1/2-1/2

[Event "11th Aosta Open"]
[Site "Saint Vincent ITA"]
[Date "2003.02.09"]
[Round "2"]
[White "Brancaleoni,M"]
[Black "Relange,E"]
[Result "1/2-1/2"]
[WhiteElo "2275"]
[BlackElo "2499"]

1.d4 Nf6 2.c4 g6 3.Nc3 Bg7 4.e4 d6 5.Be2 O-O 6.Nf3 e5 7.Be3 Ng4 8.Bg5 f6
9.Bc1 Nc6 10.d5 Ne7 11.h3 Nh6 12.h4 Nf7 13.h5 f5 14.Ng5 Nxg5 15.Bxg5 h6 16.Bxe7 Qxe7
17.hxg6 Qg5 18.Bf3 a6 19.Qd2 Qxg6 20.O-O-O b5 21.a3 bxc4 22.Qe2 Rb8 23.Qxc4 fxe4
24.Nxe4 Rb5 25.Bh5 Qf5 26.g3 Bd7 27.f3 Rfb8 28.Rh2  1/2-1/2

[Event "FSIMA Feb"]
[Site "Budapest HUN"]
[Date "2003.02.10"]
[Round "10"]
[White "Berczes,D"]
[Black "Hardicsay,P"]
[Result "0-1"]
[WhiteElo "2261"]
[BlackElo "2309"]

1.d4 Nf6 2.c4 g6 3.Nc3 Bg7 4.e4 d6 5.Nf3 O-O 6.Be2 e5 7.O-O Nbd7 8.Qc2 c6
9.Rd1 Re8 10.d5 Bf8 11.h3 c5 12.g3 Nb8 13.Kg2 Na6 14.a3 Bg7 15.Ng1 h6 16.f4 exf4
17.gxf4 Nc7 18.Bd2 Rb8 19.Re1 a6 20.b4 b6 21.Rab1 Nd7 22.Nf3 cxb4 23.axb4 b5
24.cxb5 axb5 25.Be3 Nf6 26.Bf1 Nh5 27.Rbc1 Rb7 28.Qd3 Bd7 29.Kh2 Na6 30.Qb1 Qf6
31.Ne2 Qe7 32.Ned4 Qxe4 33.Qa2 Nxb4 34.Qb3 Bxd4 35.Nxd4 Nxd5 36.Bg2 Qe7 37.Bxd5 Rbb8
38.Nc6 Qh4 39.Bg2 Qg3+ 40.Kh1 Bxh3 41.Qc2 Rxe3 42.Rxe3 Bxg2+ 43.Qxg2 Qxe3
44.Qg1 Qf3+ 45.Qg2 Qxg2+ 46.Kxg2 Ra8 47.f5 Kg7 48.fxg6 fxg6 49.Rd1 d5 50.Nd4 Ra2+
51.Kf3 Ra3+ 52.Kf2 b4 53.Rb1 Ra4 54.Nc6 Nf4 55.Ke3 g5 56.Nxb4 h5 57.Nc2 Re4+
58.Kf3 g4+ 59.Kg3 Ng6  0-1

[Event "11th Aosta Open"]
[Site "Saint Vincent ITA"]
[Date "2003.02.11"]
[Round "4"]
[White "Golod,V"]
[Black "Szekely,P"]
[Result "1-0"]
[WhiteElo "2532"]
[BlackElo "2417"]

1.d4 Nf6 2.c4 g6 3.Nc3 Bg7 4.e4 d6 5.Nf3 O-O 6.Be2 e5 7.O-O Nbd7 8.Be3 Qe7
9.Qc2 exd4 10.Nxd4 c6 11.Rad1 a6 12.Bg5 Re8 13.f4 h6 14.Bh4 Nc5 15.Bf3 Qc7
16.h3 a5 17.b3 Bd7 18.Kh1 Nh7 19.Qd2 Bf6 20.Bg3 Rad8 21.Rfe1 Bc8 22.Qc2 Qe7
23.Bh2 Bg7 24.Qf2 f5 25.Bg3 Qf7 26.exf5 gxf5 27.Qc2 Qg6 28.Bh4 Bf6 29.Bxf6 Qxf6
30.Rxe8+ Rxe8 31.a3 Nf8 32.b4 axb4 33.axb4 Ne4 34.b5 c5 35.Nd5 Qh4 36.Bxe4 fxe4
37.Nb3 Bg4 38.Rg1 e3 39.Qc3 Nh7 40.Qe1 Qxe1 41.Rxe1 Bf5 42.Rxe3 Rxe3 43.Nxe3 Be4
44.Nd2 Bd3 45.Kg1 Nf6 46.Kf2 Kf7 47.g4 Ke6 48.g5 hxg5 49.fxg5 Nd7 50.h4 Ke5
51.Nf3+ Kf4 52.Nd5+ Kf5 53.h5 Nf8 54.g6  1-0

[Event "TCh-FIN 2002-3"]
[Site "Finland FIN"]
[Date "2003.02.15"]
[Round "7"]
[White "Lassila,E"]
[Black "Yrjola,J"]
[Result "1/2-1/2"]
[WhiteElo "2355"]
[BlackElo "2422"]

1.d4 g6 2.Nf3 Bg7 3.c4 d6 4.Nc3 Nf6 5.e4 O-O 6.Be2 Na6 7.O-O e5 8.Be3 Ng4
9.Bg5 Qe8 10.h3 h6 11.Bc1 exd4 12.Nxd4 Nf6 13.Bf3 Nh7 14.Re1 Qe5 15.Nb3 Ng5
16.Bg4 Bxg4 17.hxg4 Qe6 18.Qe2 Rae8 19.f3 f5 20.gxf5 gxf5 21.Bxg5 hxg5 22.exf5 Qxf5
23.Qxe8 Rxe8 24.Rxe8+ Kf7 25.Re4 Nc5  1/2-1/2